U.S States With the Letter O - Statistics

General Stats
  • This quiz has been taken 266 times
  • The average score is 25 of 27
Answer Stats
U.S States % Correct
Oklahoma
97%
Florida
96%
New Mexico
96%
North Dakota
96%
New York
95%
North Carolina
95%
Ohio
95%
South Carolina
95%
South Dakota
95%
California
94%
Colorado
94%
Arizona
93%
Georgia
93%
Illinois
93%
Louisiana
93%
Montana
93%
Oregon
93%
Washington
93%
Wyoming
93%
Rhode Island
92%
Idaho
91%
Vermont
91%
Connecticut
90%
Missouri
89%
Wisconsin
89%
Iowa
88%
Minnesota
88%
No matching quizzes found
Score Distribution
Percent of People with Each Score
Percentile by Number Answered
Your Score History
You have not taken this quiz